000 00887ncm a2200229 i 4500
001 184660
003 ES-MaACL
005 20251118191453.0
007 qu
008 151102s1967 sp ||| |||||||| | spa d
245 0 0 _aColección de jotas navarras [
_hMúsica impresa] /
_cadaptación y composición musical, José Menéndez de Esteban ; recopilación de letras, Pedro Mª Flamarique ; prólogo, Jaime del Burgo.
260 _aPamplona :
_bDiputación Foral de Navarra,
_c1967.
300 _a119 p. ;
_c31 cm.
650 4 _aJotas navarras.
_9158064
700 1 _aMenéndez de Esteban, José,
_d1910-1988
_9158065
700 1 _aBurgo, Jaime del,
_d1912-2005
_932641
700 1 _aFlamarique, Pedro María (
_d1931-)
_9158066
710 1 _aNavarra (Comunidad Autónoma).
_bDiputación Foral.
_95984
852 _aES-MaACL
_jC-33380
942 _2udc
999 _c184660
_d184660